<?xml version="1.0" encoding="UTF-8"?>
<record
    xmlns:xsi="http://www.w3.org/2001/XMLSchema-instance"
    xsi:schemaLocation="http://www.loc.gov/MARC21/slim http://www.loc.gov/standards/marcxml/schema/MARC21slim.xsd"
    xmlns="http://www.loc.gov/MARC21/slim">

  <leader>03477nam a22002777a 4500</leader>
  <controlfield tag="005">20160104091958.0</controlfield>
  <datafield tag="010" ind1=" " ind2=" ">
    <subfield code="a">ENG-114462</subfield>
  </datafield>
  <datafield tag="020" ind1=" " ind2=" ">
    <subfield code="c">925.00</subfield>
    <subfield code="a">9339222350</subfield>
  </datafield>
  <datafield tag="020" ind1=" " ind2=" ">
    <subfield code="c">925.00</subfield>
    <subfield code="a">9789339222352</subfield>
  </datafield>
  <datafield tag="035" ind1=" " ind2=" ">
    <subfield code="a">EN-97994</subfield>
  </datafield>
  <datafield tag="037" ind1=" " ind2=" ">
    <subfield code="b">DBAD/PUB</subfield>
  </datafield>
  <datafield tag="082" ind1=" " ind2=" ">
    <subfield code="a">621.38456076</subfield>
  </datafield>
  <datafield tag="100" ind1=" " ind2=" ">
    <subfield code="a">Rogers, Bobby E.</subfield>
  </datafield>
  <datafield tag="245" ind1=" " ind2=" ">
    <subfield code="a">CompTIA Mobility+certification : </subfield>
    <subfield code="c">by Bobby E. Rogers </subfield>
    <subfield code="b">exam guide (exam MB0-001) /</subfield>
  </datafield>
  <datafield tag="260" ind1=" " ind2=" ">
    <subfield code="a">Noida </subfield>
    <subfield code="b">McGraw Hill Education</subfield>
    <subfield code="c">2014</subfield>
  </datafield>
  <datafield tag="270" ind1=" " ind2=" ">
    <subfield code="a">B-4, Sector - 63, Gautam Budh Nagar, </subfield>
    <subfield code="b">Noida (UP)</subfield>
    <subfield code="e">201301</subfield>
  </datafield>
  <datafield tag="300" ind1=" " ind2=" ">
    <subfield code="a">xxvi,485p. :</subfield>
    <subfield code="c">24cm(pbk)</subfield>
    <subfield code="b">ill.</subfield>
    <subfield code="e">1CD-ROM</subfield>
  </datafield>
  <datafield tag="490" ind1=" " ind2=" ">
    <subfield code="a"> All-in-one</subfield>
  </datafield>
  <datafield tag="500" ind1=" " ind2=" ">
    <subfield code="a">Includes index </subfield>
  </datafield>
  <datafield tag="520" ind1=" " ind2=" ">
    <subfield code="a"> "A new exam guide for the new certification on mobile computing technologies from CompTIAPrepare for CompTIA Mobility+ exam MB0-001 with McGraw-Hill Professional--a Platinum-Level CompTIA Authorized Partner offering Authorized CompTIA Approved Quality Content to give you the competitive edge on exam day.Get complete coverage of all objectives for CompTIA Mobility+ exam MB0-001 from this comprehensive resource. Written by an information security engineer, this authoritative guide fully addresses the skills and technologies required to successfully deploy, integrate, support, and mange a mobile environment. You'll find learning objectives at the beginning of each chapter, exam tips, practice exam questions, and in-depth explanations. Designed to help you pass this challenging exam, this definitive volume also serves as an essential on-the-job reference.Covers all exam topics, including: Networking concepts and the OSI model Network infrastructure and technologies Radio frequency principles Cellular technologies Wi-Fi client technologies Planning for mobile devices Implementing mobile device infrastructure Mobile security risks Mobile security technologies Troubleshooting network issues Monitoring and troubleshooting mobile security Troubleshooting client issues Electronic content includes: 200 practice exam questions Test engine that provides full-length practice exams and customized quizzes by chapter or by exam domain PDF copy of the book "--  |c Provided by publisher.</subfield>
  </datafield>
  <datafield tag="520" ind1=" " ind2=" ">
    <subfield code="a"> "Get complete coverage of all objectives for CompTIA Mobility+ exam MB0-001 from this comprehensive resource. Written by an information security engineer, this authoritative guide fully addresses the skills and technologies required to successfully deploy, integrate, support, and manage a mobile environment. You'll find learning objectives at the beginning of each chapter, exam tips, practice exam questions, and in-depth explanations. Designed to help you pass this challenging exam, this definitive volume also serves as an essential on-the-job reference. Covers all exam topics, including: - Networking concepts and the OSI model - Network infrastructure and technologies - Radio frequency principles - Cellular technologies - Wi-Fi client technologies - Planning for mobile devices - Implementing mobile device infrastructure - Mobile security risks - Mobile security technologies - Troubleshooting network issues - Monitoring and troubleshooting mobile security - Troubleshooting client issues "--  |c Provided by publisher.</subfield>
  </datafield>
  <datafield tag="650" ind1=" " ind2=" ">
    <subfield code="a"> Mobile communication systems  </subfield>
    <subfield code="x">Examinations  </subfield>
    <subfield code="v">Study guides.</subfield>
  </datafield>
  <datafield tag="650" ind1=" " ind2=" ">
    <subfield code="a">Computer networks </subfield>
    <subfield code="x">Examinations  </subfield>
    <subfield code="v">Study guides.</subfield>
  </datafield>
  <datafield tag="650" ind1=" " ind2=" ">
    <subfield code="a">Computer technicians </subfield>
    <subfield code="x">Certification  </subfield>
    <subfield code="v">Study guides.</subfield>
  </datafield>
  <datafield tag="942" ind1=" " ind2=" ">
    <subfield code="2">ddc</subfield>
    <subfield code="c">EN</subfield>
    <subfield code="m">ROG</subfield>
    <subfield code="h">621.38456076</subfield>
  </datafield>
  <datafield tag="999" ind1=" " ind2=" ">
    <subfield code="c">98067</subfield>
    <subfield code="d">98067</subfield>
  </datafield>
  <datafield tag="952" ind1=" " ind2=" ">
    <subfield code="0">0</subfield>
    <subfield code="1">0</subfield>
    <subfield code="4">0</subfield>
    <subfield code="7">1</subfield>
    <subfield code="8">NFIC</subfield>
    <subfield code="a">DBAD</subfield>
    <subfield code="b">DBAD</subfield>
    <subfield code="d">2015-11-02</subfield>
    <subfield code="e">DBAD/PUB</subfield>
    <subfield code="g">925.00</subfield>
    <subfield code="l">0</subfield>
    <subfield code="o">621.38456076 ROG</subfield>
    <subfield code="p">EN-97994</subfield>
    <subfield code="r">2015-11-02 00:00:00</subfield>
    <subfield code="t">1</subfield>
    <subfield code="v">925.00</subfield>
    <subfield code="y">EN</subfield>
  </datafield>
</record>
